Cultura política y filosofía : (Registro nro. 6914)
[ vista simple ]
| 000 -LEADER | |
|---|---|
| fixed length control field | 01536cam a22003134a 4500 |
| 001 - CONTROL NUMBER | |
| control field | 15424626 |
| 003 - CONTROL NUMBER IDENTIFIER | |
| control field | OSt |
| 005 - DATE AND TIME OF LATEST TRANSACTION | |
| control field | 20201014154848.0 |
| 008 - FIXED-LENGTH DATA ELEMENTS--GENERAL INFORMATION | |
| fixed length control field | 080710s2006 ck b 000 0 spa |
| 010 ## - LIBRARY OF CONGRESS CONTROL NUMBER | |
| LC control number | 2008456103 |
| 020 ## - INTERNATIONAL STANDARD BOOK NUMBER | |
| International Standard Book Number | 9589220207 |
| 035 ## - SYSTEM CONTROL NUMBER | |
| System control number | (BO-CbLA)la0805X3332 |
| 040 ## - CATALOGING SOURCE | |
| Original cataloging agency | DLC |
| Transcribing agency | CO-JMCR |
| 082 04 - DEWEY DECIMAL CLASSIFICATION NUMBER | |
| Classification number | 320.01 / |
| Item number | R696c |
| Edition number | 23 |
| 100 1# - MAIN ENTRY--PERSONAL NAME | |
| Personal name | Rodriguez Sanchez, Nataly, |
| Relator term | autora |
| 9 (RLIN) | 11530 |
| 245 00 - TITLE STATEMENT | |
| Title | Cultura política y filosofía : |
| Remainder of title | cinco ensayos monograficos / |
| Statement of responsibility, etc. | Gina Paola Rodríguez (compiladora) |
| 250 ## - EDITION STATEMENT | |
| Edition statement | Primera edición |
| 260 ## - PUBLICATION, DISTRIBUTION, ETC. | |
| Place of publication, distribution, etc. | Bogotá, Colombia : |
| Name of publisher, distributor, etc. | Universidad Nacional de Colombia, Facultad de Derecho, Ciencias Políticas y Sociales : |
| -- | Instituto Unidad de Investigaciones Jurídico-Sociales Gerardo Molina, UNIJUS, |
| Date of publication, distribution, etc. | 2006. |
| 300 ## - PHYSICAL DESCRIPTION | |
| Extent | 237 páginas ; |
| Dimensions | 24 cm. |
| 490 0# - SERIES STATEMENT | |
| Series statement | Colección Gerardo Molina ; |
| Volume/sequential designation | no. 3 |
| 500 ## - GENERAL NOTE | |
| General note | "Grupo de Investigación: Cultura Política, Instituciones y Globalización." |
| 504 ## - BIBLIOGRAPHY, ETC. NOTE | |
| Bibliography, etc. note | Includes bibliographical references. |
| 520 ## - SUMMARY, ETC. | |
| Summary, etc. | El grupo cultura política, instituciones y globalización se creó en enero de 2003 bajo la dirección del profesor Óscar Mejía Quintana vinculando a estudiantes y profesores de las carreras de ciencia política y derecho de la Universidad Nacional. |
| 650 24 - SUBJECT ADDED ENTRY--TOPICAL TERM | |
| Topical term or geographic name entry element | Cultura política |
| 9 (RLIN) | 2268 |
| 650 24 - SUBJECT ADDED ENTRY--TOPICAL TERM | |
| Topical term or geographic name entry element | La violencia política |
| 9 (RLIN) | 11531 |
| 650 24 - SUBJECT ADDED ENTRY--TOPICAL TERM | |
| Topical term or geographic name entry element | justicia y libertad |
| General subdivision | política |
| 9 (RLIN) | 11532 |
| 710 2# - ADDED ENTRY--CORPORATE NAME | |
| Corporate name or jurisdiction name as entry element | Universidad Nacional de Colombia. |
| Subordinate unit | Facultad de Derecho, Ciencias Políticas y Sociales. |
| 9 (RLIN) | 11533 |
| 942 ## - ADDED ENTRY ELEMENTS (KOHA) | |
| Source of classification or shelving scheme | Dewey Decimal Classification |
| Koha item type | Books |
| Withdrawn status | Lost status | Source of classification or shelving scheme | Damaged status | Not for loan | Home library | Current library | Shelving location | Date acquired | Source of acquisition | Total Checkouts | Full call number | Barcode | Date last seen | Copy number | Price effective from | Koha item type |
|---|---|---|---|---|---|---|---|---|---|---|---|---|---|---|---|---|
| Dewey Decimal Classification | Biblioteca Pública José María del Castillo y Rada | Biblioteca Pública José María del Castillo y Rada | General Stacks | 04/15/2018 | Donación | 320.01 / R696c | 201810069 | 05/16/2024 | Ej.1 | 04/15/2018 | Books |